书目信息 |
| 书名: | Following The Brush | |
| 作者: | John Elder | |
| 分册号: | ||
| 分册名: | 出版地: | New York |
|
| 出版社: | A Common Reader Edition | |
| 出版时间: | 2010 | |
| 页数: | 166p | |
| 开本: | 21cm | |
| 丛书名: | ||
| 中图分类号: | ||
| 科图分类号: | ||
| 其他分类号: | K313.03 | |
| 主题词: | ||
| 电子资源: | ||
| 000 | 00500nam0 2200193 450 | |
| 001 | 052012180616 | |
| 005 | 20121107090642.0 | |
| 008 | 20021229d1997 em y0chiy0121 ea | |
| 020 | @a978-1-5857-9005-0@c$8.99 | |
| 041 | @aeng | |
| 091 | @aK313.03 | |
| 099 | @dK313.03@eJ654 | |
| 100 | @aJohn Elder | |
| 245 | 10 | @aFollowing The Brush@cJohn Elder |
| 260 | @aNew York@bA Common Reader Edition@c2010 | |
| 300 | @a166p@c21cm | |
| 521 | @aFollowing The Brush | |
| 905 | @b006275-7 | |
| 905 | @aTSG@dK313.03@eJ654 | |
| Following The Brush / John Elder.-New York : A Common Reader Edition , 2010 |
| 166p ; 21cm |
| Following The Brush |
| ISBN 978-1-5857-9005-0$8.99 |
| ● |
| 相关链接 |
|
|
|
正题名:Following The Brush
索取号:K313.03/J654
 
预约/预借
| 序号 | 登录号 | 条形码 | 馆藏地/架位号 | 状态 | 备注 |
| 1 | 6275 | 300062759 | 社科库309/309社科库 994排1列1层/ [索取号:K313.03/J654] | 在馆 | |
| 2 | 6276 | 300062768 | 社科库309/309社科库 994排1列1层/ [索取号:K313.03/J654] | 在馆 | |
| 3 | 6277 | 300062777 | 社科库309/309社科库 994排1列1层/ [索取号:K313.03/J654] | 在馆 |